[Event "HON-ch sf1"]
[Site "Tegucigalpa"]
[Date "2018.01.13"]
[Round "2"]
[White "Guillen Ramirez, Jose Antonio"]
[Black "Mendez, Juan Javier"]
[Result "1-0"]
[WhiteElo "2181"]
[BlackElo "2015"]
[PlyCount "83"]
[EventDate "2018.01.13"]
[EventType "swiss"]
[EventRounds "7"]
[EventCountry "HON"]
[SourceTitle "EXT 2019"]
[Source "ChessBase"]
[SourceDate "2018.10.10"]
[SourceVersion "1"]
[SourceVersionDate "2018.10.10"]
[SourceQuality "1"]

1. d4 d5 2. c4 e6 3. Nc3 Nf6 4. Bg5 Be7 5. e3 c6 6. Nf3 Nbd7 7. cxd5 exd5 8. Bd3 Ne4 9. Bxe7 Qxe7 10. Bxe4 dxe4 11. Nd2 f5 12. 0-0 0-0 13. Qb3+ Kh8 14. Nc4 Nf6 15. Ne5 Be6 16. Qa3 Qxa3 17. bxa3 Rac8 18. Na4 b6 19. Rfc1 Bd5 20. Rc2 Ng4 21. Nxg4 fxg4 22. Rac1 Rfd8 23. Kf1 h5 24. g3 g5 25. Ke1 h4 26. Nc3 Bc4 27. Nxe4 Bd3 28. Nxg5 Bxc2 29. Nf7+ Kg7 30. Nxd8 Be4 31. Nb7 Bf3 32. Nd6 Rf8 33. gxh4 Kh6 34. e4 Rf6 35. e5 Re6 36. Kd2 Bd5 37. Rc3 Bf3 38. h3 c5 39. dxc5 bxc5 40. hxg4 Bxg4 41. f4 Kh5 42. Rxc5 1-0

[Event "San Salvador zt 2.3"]
[Site "San Salvador"]
[Date "2017.05.29"]
[Round "7"]
[White "Guillen Ramirez, Jose Antonio"]
[Black "Lacayo, Rene"]
[Result "1/2-1/2"]
[WhiteElo "2266"]
[BlackElo "2280"]
[PlyCount "33"]
[EventDate "2017.05.26"]
[EventType "swiss"]
[EventRounds "9"]
[EventCountry "ESA"]
[SourceTitle "CBM 178 Extra"]
[Source "ChessBase"]
[SourceDate "2017.06.22"]
[SourceVersion "1"]
[SourceVersionDate "2017.06.22"]
[SourceQuality "1"]

1. d4 d5 2. c4 e6 3. Nc3 Nf6 4. Bg5 c6 5. Nf3 h6 6. Bxf6 Qxf6 7. e3 Nd7 8. Bd3 Qd8 9. 0-0 Be7 10. Rc1 0-0 11. cxd5 exd5 12. Bb1 Bd6 13. Qd3 g6 14. Na4 Qe7 15. a3 Nf6 16. Nc5 Bg4 17. Nd2 1/2-1/2

[Event "San Salvador zt 2.3"]
[Site "San Salvador"]
[Date "2017.05.26"]
[Round "1"]
[White "Guillen Ramirez, Jose Antonio"]
[Black "Espinoza Roman, Juan Carlos"]
[Result "1-0"]
[WhiteElo "2266"]
[BlackElo "1810"]
[PlyCount "55"]
[EventDate "2017.05.26"]
[EventType "swiss"]
[EventRounds "9"]
[EventCountry "ESA"]
[SourceTitle "CBM 178 Extra"]
[Source "ChessBase"]
[SourceDate "2017.06.22"]
[SourceVersion "1"]
[SourceVersionDate "2017.06.22"]
[SourceQuality "1"]

1. e4 g6 2. d4 d6 3. c4 Bg7 4. Nc3 e6 5. f4 Ne7 6. Nf3 0-0 7. Bd3 c5 8. d5 exd5 9. cxd5 Qa5 10. Bd2 Bg4 11. h3 Bxf3 12. Qxf3 Qb6 13. 0-0-0 Na6 14. h4 Nb4 15. Bb1 f5 16. h5 c4 17. hxg6 hxg6 18. exf5 Nxf5 19. Qh3 Rfe8 20. g4 Nd4 21. Qh7+ Kf8 22. Rde1 Ne2+ 23. Rxe2 Nd3+ 24. Bxd3 cxd3 25. Re6 Rxe6 26. dxe6 d5 27. Qxg6 Qc7 28. f5 1-0

[Event "Olympiad-42"]
[Site "Baku"]
[Date "2016.09.04"]
[Round "3.1"]
[White "Guillen Ramirez, Jose Antonio"]
[Black "Wiedenkeller, Michael"]
[Result "0-1"]
[WhiteElo "2269"]
[BlackElo "2458"]
[PlyCount "66"]
[EventDate "2016.09.02"]
[EventType "team-swiss"]
[EventRounds "11"]
[EventCountry "AZE"]
[SourceTitle "CBM 175"]
[Source "ChessBase"]
[SourceDate "2016.11.10"]
[SourceVersion "1"]
[SourceVersionDate "2016.11.10"]
[SourceQuality "1"]
[WhiteTeam "Honduras"]
[BlackTeam "Luxembourg"]
[WhiteTeamCountry "HON"]
[BlackTeamCountry "LUX"]

1. d4 Nf6 2. c4 e6 3. Nc3 Bb4 4. e3 0-0 5. Bd3 d5 6. Nf3 c5 7. 0-0 Nc6 8. a3 Bxc3 9. bxc3 Qc7 10. cxd5 exd5 11. a4 Re8 12. h3 c4 13. Bc2 Ne4 14. Bxe4 Rxe4 15. Nd2 Re8 16. Qf3 Be6 17. e4 Qa5 18. e5 b5 19. Qg3 Ne7 20. f4 Rab8 21. Ba3 Nf5 22. Qf3 Nxd4 23. cxd4 Qxd2 24. Bc5 Bf5 25. Qxd5 Qe3+ 26. Rf2 Be4 27. Qd6 bxa4 28. d5 Qd3 29. Bxa7 Ra8 30. Bc5 c3 31. Ba3 c2 32. Qb4 Reb8 33. Qe1 Rb1 0-1

[Event "Capablanca Memorial op 45th"]
[Site "Havana"]
[Date "2010.06.18"]
[Round "8"]
[White "Ubaldo Suarez, Maria Gisela"]
[Black "Guillen Ramirez, Jose Antonio"]
[Result "1-0"]
[WhiteElo "2041"]
[BlackElo "2223"]
[PlyCount "93"]
[EventDate "2010.06.10"]
[EventType "swiss"]
[EventRounds "10"]
[EventCountry "CUB"]
[SourceTitle "CBM 137 Extra"]
[Source "ChessBase"]
[SourceDate "2010.09.01"]
[SourceVersion "1"]
[SourceVersionDate "2010.09.01"]
[SourceQuality "1"]

1. d4 Nf6 2. c4 e6 3. Nc3 Bb4 4. Qc2 c5 5. e3 d5 6. a3 Bxc3+ 7. Qxc3 Nbd7 8. Nf3 0-0 9. dxc5 Nxc5 10. cxd5 Nce4 11. Qd4 exd5 12. Bd3 Re8 13. 0-0 Bg4 14. Nd2 a6 15. f3 Nxd2 16. Bxd2 Bh5 17. Bc3 Bg6 18. Bxg6 hxg6 19. Rad1 Rc8 20. Rfe1 Qc7 21. Qh4 Qc6 22. Rd3 Qe6 23. Red1 Rc4 24. Qf2 b5 25. h3 Qb6 26. Qd2 Kh7 27. Kf2 Qc7 28. Qe1 Qc6 29. Qe2 Rc8 30. R1d2 Re8 31. g4 Qc7 32. Kg2 Qe7 33. Qf2 g5 34. Rd1 Rc6 35. h4 Kg8 36. hxg5 Nh7 37. f4 Re6 38. Bd2 Rg6 39. Qf3 Rc8 40. Qxd5 Nxg5 41. fxg5 Rxg5 42. Qf3 Qe6 43. Rd4 Rc4 44. Rxc4 bxc4 45. Rh1 Rxg4+ 46. Kf2 f6 47. Rg1 1-0

[Event "Deportes zt 2.3.2 "]
[Site "Deportes"]
[Date "2008.06.10"]
[Round "3"]
[White "Gonzalez Acosta, Bernal Manuel"]
[Black "Guillen Ramirez, Jose Antonio"]
[Result "1/2-1/2"]
[WhiteElo "2434"]
[BlackElo "2200"]
[PlyCount "51"]
[EventDate "2008.06.09"]
[EventType "swiss"]
[EventRounds "9"]
[EventCountry "GUA"]
[SourceTitle "CBM 124 Extra"]
[Source "ChessBase"]
[SourceDate "2008.07.03"]
[SourceVersion "1"]
[SourceVersionDate "2008.07.03"]
[SourceQuality "1"]

1. e4 c5 2. Nc3 Nc6 3. g3 g6 4. Bg2 Bg7 5. d3 d6 6. f4 Rb8 7. Nf3 Bd7 8. 0-0 b5 9. a3 Nf6 10. h3 0-0 11. Be3 a5 12. g4 b4 13. axb4 axb4 14. Ne2 Ne8 15. Rb1 Nc7 16. f5 Nb5 17. Qd2 Nbd4 18. Nexd4 Nxd4 19. Bh6 Nxf3+ 20. Rxf3 Qa5 21. Rff1 Qb6 22. Kh1 Bc6 23. h4 f6 24. Be3 Qb7 25. b3 Ra8 26. Bf3 1/2-1/2

[Event "Iberoamerican-ch GpC 2nd"]
[Site "Morelia"]
[Date "2008.02.18"]
[Round "4"]
[White "Granda Zuniga, Julio E"]
[Black "Guillen Ramirez, Jose Antonio"]
[Result "1-0"]
[WhiteElo "2588"]
[BlackElo "2232"]
[PlyCount "65"]
[EventDate "2008.02.15"]
[EventType "tourn"]
[EventRounds "5"]
[EventCountry "MEX"]
[EventCategory "9"]
[SourceTitle "CBM 122 Extra"]
[Source "ChessBase"]
[SourceDate "2008.03.04"]
[SourceVersion "1"]
[SourceVersionDate "2008.03.04"]
[SourceQuality "1"]

1. d4 d5 2. c4 e6 3. Nc3 c6 4. e3 Nf6 5. Nf3 Nbd7 6. Qc2 Bd6 7. Bd3 0-0 8. 0-0 dxc4 9. Bxc4 e5 10. h3 Qc7 11. a4 a5 12. b3 exd4 13. Nxd4 Ne5 14. Be2 Re8 15. Bb2 Ng6 16. Rfd1 Nh4 17. Bf1 Re5 18. Ncb5 cxb5 19. Qxc7 Bxc7 20. Nxb5 Rxb5 21. axb5 Be6 22. Bc4 Ne8 23. Bxe6 fxe6 24. Rd7 Ng6 25. Rc1 Be5 26. Bxe5 Nxe5 27. Rxb7 Nd6 28. Rb6 Nef7 29. Rd1 Ne4 30. Rxe6 Nc3 31. Ra1 Nd8 32. Ra6 Rb8 33. R1xa5 1-0

[Event "Iberoamerican-ch GpC 2nd"]
[Site "Morelia"]
[Date "2008.02.17"]
[Round "3"]
[White "Guillen Ramirez, Jose Antonio"]
[Black "Illescas Cordoba, Miguel Angel"]
[Result "0-1"]
[WhiteElo "2232"]
[BlackElo "2605"]
[PlyCount "196"]
[EventDate "2008.02.15"]
[EventType "tourn"]
[EventRounds "5"]
[EventCountry "MEX"]
[EventCategory "9"]
[SourceTitle "CBM 122 Extra"]
[Source "ChessBase"]
[SourceDate "2008.03.04"]
[SourceVersion "1"]
[SourceVersionDate "2008.03.04"]
[SourceQuality "1"]

1. d4 Nf6 2. c4 g6 3. Nc3 d5 4. Nf3 Bg7 5. Bf4 0-0 6. e3 c5 7. dxc5 Qa5 8. Rc1 dxc4 9. Bxc4 Qxc5 10. Bb3 Nc6 11. 0-0 Qa5 12. h3 Bf5 13. Qe2 Ne4 14. Nd5 e5 15. Bh2 Be6 16. Rfd1 Rad8 17. Qc4 Nd4 18. exd4 Bxd5 19. Qe2 b6 20. Bxd5 Qxd5 21. dxe5 Qb7 22. e6 fxe6 23. Rxd8 Rxd8 24. Re1 Nc5 25. b4 Na4 26. Qxe6+ Qf7 27. Qxf7+ Kxf7 28. Ne5+ Bxe5 29. Bxe5 b5 30. Rc1 Ke6 31. f4 Rd7 32. a3 Nb6 33. Rc5 Rd2 34. Rxb5 Nd5 35. Rb7 h5 36. g4 hxg4 37. hxg4 g5 38. Rxa7 gxf4 39. Bxf4 Nxf4 40. Ra5 Nd5 41. Ra8 Ke5 42. Kf1 Ne3+ 43. Ke1 Rg2 44. b5 Rb2 45. Rb8 Nxg4 46. b6 Nf6 47. a4 Nd7 48. Rd8 Nxb6 49. Rb8 Rb4 50. a5 Re4+ 51. Kf2 Rf4+ 52. Kg3 Nd5 53. Re8+ Kd4 54. a6 Rf7 55. Ra8 Nb6 56. Rb8 Kc5 57. Rb7 Rf1 58. a7 Ra1 59. Rc7+ Kd6 60. Rb7 Kc6 61. Rf7 Nd7 62. Rh7 Rxa7 63. Kf4 Ra1 64. Rh8 Re1 65. Ra8 Nc5 66. Kf3 Kd5 67. Rd8+ Ke5 68. Re8+ Ne6 69. Kf2 Re4 70. Re7 Kf6 71. Ra7 Nd4 72. Ra8 Kg5 73. Rg8+ Kf4 74. Rf8+ Nf5 75. Rf7 Re8 76. Rf6 Ke4 77. Ra6 Rf8 78. Ra4+ Nd4+ 79. Kg3 Rf7 80. Rb4 Ke3 81. Kg4 Rg7+ 82. Kh5 Ke4 83. Kh6 Rg1 84. Ra4 Rg2 85. Kh7 Ke5 86. Ra8 Nf5 87. Ra6 Rg7+ 88. Kh8 Rd7 89. Rb6 Rc7 90. Ra6 Rb7 91. Ra5+ Kf6 92. Ra6+ Kf7 93. Kh7 Rc7 94. Rb6 Ra7 95. Rb8 Kf6+ 96. Kh8 Ra1 97. Rf8+ Kg6 98. Re8 Kf7 0-1

[Event "Iberoamerican-ch GpC 2nd"]
[Site "Morelia"]
[Date "2008.02.16"]
[Round "2"]
[White "Iturrizaga Bonelli, Eduardo"]
[Black "Guillen Ramirez, Jose Antonio"]
[Result "1-0"]
[WhiteElo "2470"]
[BlackElo "2232"]
[PlyCount "71"]
[EventDate "2008.02.15"]
[EventType "tourn"]
[EventRounds "5"]
[EventCountry "MEX"]
[EventCategory "9"]
[SourceTitle "CBM 122 Extra"]
[Source "ChessBase"]
[SourceDate "2008.03.04"]
[SourceVersion "1"]
[SourceVersionDate "2008.03.04"]
[SourceQuality "1"]

1. Nf3 d5 2. d4 e6 3. c4 c6 4. e3 f5 5. Nc3 Nf6 6. Qc2 Bd6 7. b3 0-0 8. Bb2 Qe7 9. Bd3 Bd7 10. 0-0-0 Na6 11. c5 Bc7 12. a3 Be8 13. h3 Ne4 14. b4 Nb8 15. g4 fxg4 16. Bxe4 dxe4 17. Ne5 gxh3 18. Nxe4 Nd7 19. Nd6 Nxe5 20. dxe5 Bg6 21. Qe2 a5 22. Rdg1 axb4 23. axb4 b6 24. Rxg6 hxg6 25. Qg4 Rf5 26. Nxf5 gxf5 27. Qxh3 Rf8 28. Qh7+ Kf7 29. Rg1 Rg8 30. Bd4 b5 31. Qg6+ Kf8 32. Kc2 Qe8 33. Qg2 Qh5 34. Kd3 Qe8 35. Ra1 Qd7 36. Ra6 1-0

[Event "Capablanca Memorial op 42nd"]
[Site "Havana"]
[Date "2007.05.28"]
[Round "10"]
[White "Vigoa Apecheche, Yanira"]
[Black "Guillen Ramirez, Jose Antonio"]
[Result "1-0"]
[WhiteElo "2217"]
[BlackElo "2246"]
[PlyCount "55"]
[EventDate "2007.05.18"]
[EventType "swiss"]
[EventRounds "10"]
[EventCountry "CUB"]
[SourceTitle "CBM 118 Extra"]
[Source "ChessBase"]
[SourceDate "2007.07.04"]
[SourceVersion "1"]
[SourceVersionDate "2007.07.04"]
[SourceQuality "1"]

1. d4 Nf6 2. c4 e6 3. Nf3 Bb4+ 4. Bd2 Qe7 5. Nc3 0-0 6. Qc2 d6 7. e3 e5 8. dxe5 dxe5 9. Bd3 Bxc3 10. Bxc3 Nc6 11. a3 a5 12. 0-0 Bg4 13. Nd2 Rad8 14. Ne4 h6 15. f3 Bc8 16. Nxf6+ Qxf6 17. b4 b6 18. Be4 axb4 19. axb4 Bd7 20. Rad1 Qe7 21. Qb2 Rfe8 22. Bd5 Nb8 23. b5 Kh7 24. Bb4 Qf6 25. Qa3 Be6 26. Be4+ Bf5 27. Rxd8 Rxd8 28. Be7 1-0

[Event "Capablanca Memorial op 42nd"]
[Site "Havana"]
[Date "2007.05.27"]
[Round "9"]
[White "Guillen Ramirez, Jose Antonio"]
[Black "Diaz Hernandez, Heriberto"]
[Result "0-1"]
[WhiteElo "2246"]
[BlackElo "2167"]
[PlyCount "54"]
[EventDate "2007.05.18"]
[EventType "swiss"]
[EventRounds "10"]
[EventCountry "CUB"]
[SourceTitle "CBM 118 Extra"]
[Source "ChessBase"]
[SourceDate "2007.07.04"]
[SourceVersion "1"]
[SourceVersionDate "2007.07.04"]
[SourceQuality "1"]

1. f4 c5 2. e4 d5 3. exd5 Qxd5 4. Nf3 Qe4+ 5. Be2 Qxf4 6. Nc3 Qc7 7. d4 e6 8. d5 Nf6 9. Nb5 Qa5+ 10. Bd2 Qb6 11. d6 Bxd6 12. 0-0 c4+ 13. Nfd4 Bc5 14. Be3 e5 15. Bxc4 exd4 16. Bg5 Be6 17. Bxe6 Qxb5 18. Bxf6 gxf6 19. Qh5 Kd8 20. Qxf7 Rf8 21. Qxh7 Qb6 22. Rae1 Qc7 23. Qf5 Qd6 24. Bc8 d3+ 25. Kh1 d2 26. Rd1 Kc7 27. Rf3 Re8 0-1

[Event "Capablanca Memorial op 42nd"]
[Site "Havana"]
[Date "2007.05.26"]
[Round "8"]
[White "Cabrera Trujillo, Jorge Juan"]
[Black "Guillen Ramirez, Jose Antonio"]
[Result "1-0"]
[WhiteElo "2334"]
[BlackElo "2246"]
[PlyCount "61"]
[EventDate "2007.05.18"]
[EventType "swiss"]
[EventRounds "10"]
[EventCountry "CUB"]
[SourceTitle "CBM 118 Extra"]
[Source "ChessBase"]
[SourceDate "2007.07.04"]
[SourceVersion "1"]
[SourceVersionDate "2007.07.04"]
[SourceQuality "1"]

1. e4 c5 2. Nf3 Nc6 3. d4 cxd4 4. Nxd4 Nf6 5. Nc3 e6 6. Ndb5 Bb4 7. a3 Bxc3+ 8. Nxc3 d5 9. exd5 exd5 10. Bd3 0-0 11. 0-0 d4 12. Ne2 Bg4 13. f3 Bh5 14. Bg5 Bg6 15. Qd2 Qd6 16. Rad1 Rad8 17. Bxg6 fxg6 18. Be3 d3 19. Qxd3 Qe5 20. Bd4 Nxd4 21. Nxd4 Rfe8 22. c3 Rd7 23. Rf2 Nh5 24. Qc4+ Kh8 25. Qf1 Nf4 26. g3 Qg5 27. Kh1 Nd5 28. Re1 Rde7 29. Rfe2 Ne3 30. Qf2 h6 31. h4 1-0

[Event "Capablanca Memorial op 42nd"]
[Site "Havana"]
[Date "2007.05.25"]
[Round "7"]
[White "Guillen Ramirez, Jose Antonio"]
[Black "Fleites Marti, Yuleikys"]
[Result "1-0"]
[WhiteElo "2246"]
[BlackElo "2165"]
[PlyCount "113"]
[EventDate "2007.05.18"]
[EventType "swiss"]
[EventRounds "10"]
[EventCountry "CUB"]
[SourceTitle "CBM 118 Extra"]
[Source "ChessBase"]
[SourceDate "2007.07.04"]
[SourceVersion "1"]
[SourceVersionDate "2007.07.04"]
[SourceQuality "1"]

1. f4 c5 2. Nf3 Nc6 3. b3 d5 4. e3 e6 5. Bb2 f6 6. Bb5 Bd7 7. 0-0 Bd6 8. Nc3 Nge7 9. a3 Qc7 10. Kh1 0-0-0 11. Qe2 Rhg8 12. Bd3 a6 13. Bxh7 Rh8 14. Bd3 Rh6 15. Rf2 Rg8 16. a4 g5 17. g3 Na5 18. Bxa6 Nf5 19. Rg1 bxa6 20. Qxa6+ Qb7 21. Qxa5 g4 22. Nb5 Bxb5 23. Qxb5 Qxb5 24. axb5 gxf3 25. Rxf3 Kb7 26. c4 Rgh8 27. Rf2 Rg6 28. g4 Rhg8 29. Rfg2 Nh4 30. Rg3 d4 31. h3 Ra8 32. Ra1 Rxa1+ 33. Bxa1 Rg8 34. Rg1 Ra8 35. exd4 Nf3 36. Rd1 cxd4 37. Kg2 Nxd2 38. Rxd2 Rxa1 39. Rxd4 Bc5 40. Re4 Rg1+ 41. Kh2 Rf1 42. Kg3 Bf2+ 43. Kg2 Re1 44. Rxe1 Bxe1 45. g5 f5 46. c5 Kc7 47. Kf1 Bh4 48. Ke2 e5 49. fxe5 Bxg5 50. b6+ Kc6 51. b4 Bf4 52. e6 Bg5 53. Kf3 Kb7 54. Kg3 Kc6 55. h4 Bd8 56. h5 Kd5 57. e7 1-0

[Event "Capablanca Memorial op 42nd"]
[Site "Havana"]
[Date "2007.05.22"]
[Round "5"]
[White "Guillen Ramirez, Jose Antonio"]
[Black "Perez Mitjans, Orelvis"]
[Result "0-1"]
[WhiteElo "2246"]
[BlackElo "2433"]
[PlyCount "64"]
[EventDate "2007.05.18"]
[EventType "swiss"]
[EventRounds "10"]
[EventCountry "CUB"]
[SourceTitle "CBM 118 Extra"]
[Source "ChessBase"]
[SourceDate "2007.07.04"]
[SourceVersion "1"]
[SourceVersionDate "2007.07.04"]
[SourceQuality "1"]

1. e4 c5 2. Nf3 g6 3. d4 cxd4 4. Qxd4 Nf6 5. Bg5 Nc6 6. Qe3 Bg7 7. c3 0-0 8. Bc4 d6 9. Nbd2 Rb8 10. 0-0 Bd7 11. h3 b5 12. Bd5 Qc7 13. Bh6 Ne5 14. Qg5 Nc4 15. Bxc4 bxc4 16. e5 dxe5 17. Qh4 Rxb2 18. Nxc4 Rb5 19. Ne3 e4 20. Ng5 Qe5 21. f4 exf3 22. Nxf3 Qe4 23. g4 Bxh6 24. Qxh6 Bxg4 25. Nxg4 Nxg4 26. hxg4 Qxg4+ 27. Kf2 Rb2+ 28. Nd2 Rd8 29. Rad1 Rd3 30. Ke1 g5 31. Rxf7 Re3+ 32. Kf1 Qe2+ 0-1

[Event "Capablanca Memorial op 42nd"]
[Site "Havana"]
[Date "2007.05.20"]
[Round "3"]
[White "Guillen Ramirez, Jose Antonio"]
[Black "Pazos Gambarrotti, Plinio Efrain"]
[Result "1/2-1/2"]
[WhiteElo "2246"]
[BlackElo "2375"]
[PlyCount "111"]
[EventDate "2007.05.18"]
[EventType "swiss"]
[EventRounds "10"]
[EventCountry "CUB"]
[SourceTitle "CBM 118 Extra"]
[Source "ChessBase"]
[SourceDate "2007.07.04"]
[SourceVersion "1"]
[SourceVersionDate "2007.07.04"]
[SourceQuality "1"]

1. e4 c5 2. Nf3 Nc6 3. Bb5 Qb6 4. Nc3 Nd4 5. Nxd4 cxd4 6. Nd5 Qd8 7. 0-0 e6 8. Re1 exd5 9. exd5+ Be7 10. d6 Qb6 11. dxe7 Qxb5 12. Qg4 g6 13. Qxd4 f6 14. a4 Qb6 15. Qf4 Nxe7 16. Ra3 Kd8 17. Rd3 g5 18. Qe4 Ng6 19. b3 Qc6 20. Rd5 b6 21. Re3 Nf4 22. Qe7+ Kc7 23. Rc3 Nxd5 24. Rxc6+ Kxc6 25. Qe4 Bb7 26. c4 Rae8 27. cxd5+ Kc7 28. Qc4+ Kb8 29. f3 Rc8 30. Qf1 Rc2 31. Ba3 Rxd2 32. Qe1 Rxd5 33. Qe7 Rc8 34. Qxf6 h5 35. Bd6+ Ka8 36. Bb4 h4 37. Kf2 h3 38. gxh3 Rd3 39. Ke2 Rxb3 40. Bd2 Re8+ 41. Kd1 Rxf3 42. Qxg5 Rxh3 43. a5 Rb3 44. Kc2 Rh3 45. axb6 Rxh2 46. bxa7 Rc8+ 47. Kb3 Rh3+ 48. Kb4 Rd3 49. Bf4 Rd4+ 50. Ka3 Rd3+ 51. Kb4 d5 52. Qe5 Rc4+ 53. Ka5 Ra3+ 54. Kb6 Rb3+ 55. Ka5 Ra3+ 56. Kb6 1/2-1/2

[Event "Capablanca Memorial op 42nd"]
[Site "Havana"]
[Date "2007.05.18"]
[Round "1"]
[White "Guillen Ramirez, Jose Antonio"]
[Black "Gonzalez Perez, Arian"]
[Result "1/2-1/2"]
[WhiteElo "2246"]
[BlackElo "2430"]
[PlyCount "76"]
[EventDate "2007.05.18"]
[EventType "swiss"]
[EventRounds "10"]
[EventCountry "CUB"]
[SourceTitle "CBM 118 Extra"]
[Source "ChessBase"]
[SourceDate "2007.07.04"]
[SourceVersion "1"]
[SourceVersionDate "2007.07.04"]
[SourceQuality "1"]

1. e4 c5 2. Nf3 Nc6 3. Bb5 d6 4. c3 Bd7 5. d4 Nf6 6. d5 Ne5 7. Bxd7+ Nfxd7 8. 0-0 Nxf3+ 9. Qxf3 g6 10. c4 Bg7 11. Nc3 0-0 12. Bd2 Qc8 13. Rae1 b5 14. cxb5 a6 15. a4 Ne5 16. Qg3 c4 17. Qh4 Re8 18. Bh6 Bh8 19. f4 Qg4 20. Bg5 Qxh4 21. Bxh4 Nd3 22. Re2 axb5 23. axb5 Bd4+ 24. Kh1 f6 25. h3 Reb8 26. Bg3 Bxc3 27. bxc3 Rxb5 28. e5 dxe5 29. fxe5 f5 30. d6 e6 31. Bh4 Ra7 32. Bf6 h6 33. g4 f4 34. Re4 Rb2 35. Rxc4 Raa2 36. Rc8+ Kf7 37. Rc7+ Kg8 38. Rc8+ Kf7 1/2-1/2

[Event "Iberoamerican-ch schev-B 1st"]
[Site "Ayamonte"]
[Date "2006.11.18"]
[Round "4"]
[White "Guillen Ramirez, Jose Antonio"]
[Black "Mekhitarian, Krikor Sevag"]
[Result "0-1"]
[WhiteElo "2301"]
[BlackElo "2425"]
[PlyCount "82"]
[EventDate "2006.11.15"]
[EventType "schev"]
[EventRounds "4"]
[EventCountry "ESP"]
[SourceTitle "EXT 2007"]
[Source "ChessBase"]
[SourceDate "2006.11.23"]
[SourceVersion "1"]
[SourceVersionDate "2006.11.23"]
[SourceQuality "1"]

1. d4 Nf6 2. c4 e6 3. Nf3 b6 4. g3 Ba6 5. b3 b5 6. c5 Bb7 7. Bg2 d6 8. cxd6 Bxd6 9. 0-0 0-0 10. Nc3 a6 11. Bg5 Nbd7 12. Qc2 h6 13. Bxf6 Nxf6 14. Rfd1 Ra7 15. e4 Qa8 16. d5 e5 17. a4 b4 18. Ne2 Rc8 19. Bh3 Rd8 20. Rac1 a5 21. Nh4 g6 22. Ng2 Ra6 23. Ne3 c6 24. Bg2 cxd5 25. exd5 Bb8 26. Qd2 Kg7 27. Rc5 Ba7 28. Rc7 Qb8 29. Rdc1 Bb6 30. Re7 Kf8 31. Nf5 gxf5 32. Rxb7 Qxb7 33. Qxh6+ Ke8 34. d6 Bxf2+ 35. Kf1 Ne4 36. Bxe4 fxe4 37. Qh8+ Kd7 38. Qf6 Rc6 39. Qf5+ Kxd6 40. Qf6+ Kc7 41. Qe7+ Kc8 0-1

[Event "Iberoamerican-ch GpD 1st"]
[Site "Ayamonte"]
[Date "2006.11.05"]
[Round "2"]
[White "Matamoros Franco, Carlos S"]
[Black "Guillen Ramirez, Jose Antonio"]
[Result "1-0"]
[WhiteElo "2534"]
[BlackElo "2301"]
[PlyCount "93"]
[EventDate "2006.11.04"]
[EventType "tourn"]
[EventRounds "5"]
[EventCountry "ESP"]
[EventCategory "9"]
[SourceTitle "EXT 2007"]
[Source "ChessBase"]
[SourceDate "2006.11.23"]
[SourceVersion "1"]
[SourceVersionDate "2006.11.23"]
[SourceQuality "1"]

1. c4 e5 2. g3 Nc6 3. Bg2 g6 4. Nc3 Bg7 5. e4 Nge7 6. Nge2 0-0 7. d3 d6 8. 0-0 Be6 9. Nd5 Qd7 10. Be3 f5 11. Qd2 Rf7 12. Rac1 Raf8 13. b4 Nd4 14. Nxd4 exd4 15. Bg5 Nc6 16. Nf4 Ne5 17. Nxe6 Qxe6 18. Rce1 h6 19. Bf4 c6 20. exf5 Qxf5 21. Bxe5 dxe5 22. b5 Qf6 23. Qa5 h5 24. Qxa7 Bh6 25. Qc5 Kg7 26. bxc6 bxc6 27. Qxc6 Qg5 28. Qe4 Qd2 29. Re2 Qc3 30. Qxe5+ Kh7 31. Bd5 Rg7 32. Re4 Qxd3 33. Qxd4 Qc2 34. Re6 Qxa2 35. Qd3 Bg5 36. Qe2 Qxe2 37. Rxe2 Be7 38. Kg2 Bc5 39. h4 Re7 40. Rxe7+ Bxe7 41. Rb1 Kh6 42. Rb7 Bc5 43. f3 Re8 44. Be4 Rd8 45. Rc7 Rd2+ 46. Kh3 Bd6 47. Rc6 1-0

[Event "Panama Sub zt 2.3.2c"]
[Site "Panama"]
[Date "2006.11.03"]
[Round "4"]
[White "Arias, Lemnys A"]
[Black "Guillen Ramirez, Jose Antonio"]
[Result "1-0"]
[WhiteElo "2253"]
[BlackElo "2301"]
[PlyCount "103"]
[EventDate "2006.11.01"]
[EventType "swiss"]
[EventRounds "9"]
[EventCountry "PAN"]
[SourceTitle "EXT 2007"]
[Source "ChessBase"]
[SourceDate "2006.11.23"]
[SourceVersion "1"]
[SourceVersionDate "2006.11.23"]
[SourceQuality "1"]

1. e4 e5 2. Bc4 Nc6 3. Nf3 Be7 4. d3 d6 5. Ng5 Nh6 6. Nf3 Ng4 7. h3 Nf6 8. a4 0-0 9. 0-0 Be6 10. Nbd2 h6 11. Re1 Nh7 12. Nf1 Bxc4 13. dxc4 f5 14. exf5 Rxf5 15. Ng3 Rf7 16. Be3 Qd7 17. c3 Raf8 18. Nd2 Nd8 19. Nde4 Ne6 20. Qg4 Bg5 21. Bxg5 Nhxg5 22. Nxg5 Nxg5 23. Qxd7 Rxd7 24. f3 Rf4 25. b3 b6 26. Re3 Ne6 27. Ne2 Rf6 28. Ng3 Rg6 29. Kh2 Nc5 30. Rb1 Rf7 31. Re2 Rf4 32. Ra2 Kf7 33. a5 Re6 34. axb6 axb6 35. Ne2 Rff6 36. b4 Nd3 37. Ng3 Ke7 38. Rd1 Nf4 39. Ra7 Kd7 40. Ne4 Rf8 41. c5 Kc6 42. cxd6 cxd6 43. c4 b5 44. Ra6+ Kc7 45. cxb5 Rd8 46. Rc6+ Kb8 47. Rdxd6 Rexd6 48. Nxd6 Nd3 49. Nf5 Nxb4 50. Rg6 Rd5 51. Rxg7 Rxb5 52. Nxh6 1-0

[Event "Olympiad-36"]
[Site "Mallorca"]
[Date "2004.10.27"]
[Round "12"]
[White "Guillen Ramirez, Jose Antonio"]
[Black "Matoewi, Roger"]
[Result "1/2-1/2"]
[WhiteElo "2301"]
[BlackElo "2195"]
[PlyCount "86"]
[EventDate "2004.10.15"]
[EventType "team-swiss"]
[EventRounds "14"]
[EventCountry "ESP"]
[SourceTitle "CBM 104"]
[Source "ChessBase"]
[SourceDate "2005.01.27"]
[SourceVersion "1"]
[SourceVersionDate "2005.01.27"]
[SourceQuality "1"]
[WhiteTeam "Honduras"]
[BlackTeam "Surinam"]
[WhiteTeamCountry "HON"]
[BlackTeamCountry "SUR"]

1. e4 c5 2. Nf3 Nc6 3. Bb5 g6 4. c3 Qb6 5. Ba4 Bg7 6. 0-0 Nf6 7. Re1 0-0 8. Bc2 d6 9. d3 Bg4 10. Nbd2 Ne5 11. h3 Nxf3+ 12. Nxf3 Bxf3 13. Qxf3 Nd7 14. Qg3 Ne5 15. f4 Nc6 16. Kh1 a5 17. h4 h5 18. e5 dxe5 19. f5 Nd8 20. Bg5 gxf5 21. Bxe7 Re8 22. Rxe5 f4 23. Bxd8 Rexd8 24. Qxf4 Bxe5 25. Qxe5 Qg6 26. Qxc5 Re8 27. Qf2 Re7 28. Rf1 Rae8 29. Bb3 Kg7 30. d4 f6 31. Bc2 Qh6 32. Qg3+ Kh8 33. Kh2 Rg7 34. Qf3 Rg4 35. d5 Re3 36. Qxf6+ Qxf6 37. Rxf6 Re2 38. Bf5 Rexg2+ 39. Kh1 Rg1+ 40. Kh2 R1g2+ 41. Kh1 Rg1+ 42. Kh2 R1g2+ 43. Kh1 Rg1+ 1/2-1/2